000 01350nam a22002657a 4500
001 3047
003 FISKH
005 20260112135859.0
008 240201b cb ||||| |||| 00| 0 eng d
020 _a9780194645591
040 _aFISKH
_beng
_cFISKH
_dFISKH
100 _aHannam, Joyce
245 _aCaring for our planet /
_cby Hannam, Joyce
250 _aFirst published 2010
260 _aNew York :
_bOxford University Press ,
_c2010
300 _a56 pages :
_bcolor illustrations ;
_c22 cm .
490 _aOxford Read and Discover
_vBook 6
505 _aW
520 _aThis exciting new series of non-fiction readers provides interesting and educational content, with activities and project work. The readers are graded at four levels, from 3 to 6, suitable for students from age 8 and older. They can support Content and Language Integrated Learning (CLIL), and cover a broad range of topics, within three curriculum areas: The World of Science and Technology The Natural World The World of Arts and Social Studies Also available for each reader: Activity Book Audio CD Pack (Reader and Audio CD)Teacher's Notes and CLIL guidance at www.oup.com/elt/readanddiscover
521 8 _a880
_bLexile
521 8 _aW
_bRaz-Plus
600 _2planets
_vnon-fiction
700 _aKennedy, Kelly
_eillustrator
942 _2ddc
_cBK
_n0
999 _c3047
_d3047